1237 1882 1239 1404 1772 1817 1049 1665 1247 1910 1701 1691 1184 1046 1096 1838 1513 1195 1669 1593 1640 1883 1215 1263 1748 1888 1934 1035 1121 1528 1941 1552 1084 1205 1346 1194 1208 1675 1625 1887 1112 1821 1353 1164 1940 1693 1058 1333 1993 1897 1338 1324 1167 1970 1939 1165 1632 1096 1844 1459 1954 1664 1398 1155 1536 1730 1142 1420 1054 1102 1246 1042 1254 1863 1399 1881 1475 1364 1542 1263 1571 1952 1047 1022 1761 1094 1393 1885 1275 1745 1069 1026 1170 1417 1911 1790 1674 1194 1111 BCNSPRNW ULIB Ver.6.0+V

เปลี่ยนเป็นภาษาไทย

Change to English
 แสดงรายละเอียดบรรณานุกรม
  กลับหน้าหลัก

Brief Record : Get Marc (ISO 2709) : E-mail record : QR code < ปิดหน้าต่าง
LEADER : 00000nam 2200000uu 4500
001    13399122837
003     ULIB
008    131015s||||||||th 000 0 tha d
020    ^a9789744460325
090    ^aนว^bพ187พ ล.3
100 0  ^aพนมเทียน
245 10 ^aอาถรรพณ์นิทรานคร เล่ม 3 (เพชรพระอุมา) /^cพนมเทียน
250    ^aพิมพ์รวมเล่มครั้งที่ 4
260    ^aกรุงเทพฯ :^bณ บ้านวรรณกรรม,^c2545
300    ^a 402 หน้า
505 00 ^a^gล.1-4^tไพรมหากาฬ --^gล.5-8^tดงมรณะ -- ^gล.9-12^tจอมผีดิบมันตรัย -- ^gล.13-16^tอาถรรพณ์นิทรานคร -- ^gล.17-20^tป่าโลกล้านปี -- ^gล.21-24^tแงซายจอมจักรา -- ^gล.25-28^tจอมพราน -- ^gล.29-32^tไอ้งาดำ -- ^gล.33-36^tจิตรางคนางค์-- ^gล.37-40^tนาคเทวี -- ^gล.41-44^tแด่ปางบรรพ์ -- ^gล.45-48^tมงกุฎไพร
650  4 ^aนวนิยายไทย
945    ^p200^l0^i034065
999    ^aเกษร โพธิ์สุวรรณ
รายการนี้ยังไม่มีแท็ก
คุณยังไม่ได้ล็อกอิน คุณสามารถมีกิจกรรมร่วมกับเว็บไซต์ได้ แต่ต้องล็อกอินก่อน ::
  ล็อกอิน

รายการสื่อสารสนเทศ

ลำดับที่ ประเภท เลขเรียก/บาร์โค้ด สถานที่ สถานะ
1. นวนิยาย
นวนิยาย
นว พ187พ ล.3  
  Barcode: 034065
ห้องสมุดวิทยาเขตสวรรค์ประชารักษ์
►นวนิยาย
บนชั้น
  ขอยืม

รายการใกล้เคียง
    ผู้แต่ง [พนมเทียน]

    หัวเรื่อง [นวนิยายไทย]

BibComment


ยังไม่เคยถูกคอมเมนท์

คอมเมนท์ทรัพยากรรายการนี้
  คอมเมนท์: อาถรรพณ์นิทรานคร..


 Copyright 2026. Bcnsprnw @Library